[Event "MCR_SF06"]
[Site "?"]
[Date "2006.??.??"]
[Round "?"]
[White "Styblo, Pavel"]
[Black "Brichacek, Milan"]
[Result "1-0"]
[WhiteElo "2305"]
[BlackElo "2117"]
[PlyCount "115"]
[EventDate "2006.??.??"]
[EventType "corr"]
[EventRounds "2"]
[SourceDate "2006.08.10"]

1. c4 e5 2. Nf3 e4 3. Nd4 Nc6 4. Nxc6 dxc6 5. Nc3 Nf6 6. e3 Bb4 7. Be2 O-O 8.
O-O Qe7 9. f3 exf3 10. Bxf3 Be6 11. Be2 Rfd8 12. a3 Bxc3 13. bxc3 c5 14. Rb1 c6
15. Rf4 b6 16. Qf1 Bd7 17. Qf3 Re8 18. d3 Rad8 19. e4 Qe5 20. Qf2 Bc8 21. Bb2
Qd6 22. Rf1 Re6 23. Bc1 Qe5 24. Qe1 Qc7 25. Rf5 Rf8 26. Qh4 Ne8 27. R5f2 Qd6
28. a4 h6 29. Qh3 Nf6 30. Bf4 Qe7 31. Qg3 Nd7 32. Bg4 Rg6 33. Qh3 Qd8 34. Bf5
Nf6 35. Qf3 Bxf5 36. exf5 Rg4 37. Bg3 Re8 38. h3 Rxg3 39. Qxg3 Re7 40. Rd1 Kh7
41. Rfd2 Qe8 42. Rf1 Re3 43. Qf2 Re5 44. a5 b5 45. Rdd1 Qd8 46. a6 Qa5 47. d4
Re4 48. Ra1 Qxc3 49. cxb5 cxb5 50. dxc5 Re7 51. Rfc1 Qe5 52. c6 Ne4 53. Qe3 Qc7
54. Ra2 Ng3 55. Qd3 f6 56. Rb1 b4 57. Rab2 Qa5 58. Qxg3 1-0

[Event "MCR_SF06"]
[Site "?"]
[Date "2006.??.??"]
[Round "?"]
[White "Chvojka, Jaroslav"]
[Black "Vinklarek, Vlastimil"]
[Result "1-0"]
[WhiteElo "2261"]
[BlackElo "2140"]
[PlyCount "61"]
[EventDate "2006.??.??"]
[EventType "corr"]
[EventRounds "2"]
[SourceDate "2006.08.10"]

1. d4 c6 2. e4 d5 3. e5 Bf5 4. Nf3 g6 5. Be2 Bg7 6. O-O Nd7 7. Re1 f6 8. Bd3
Bg4 9. exf6 Bxf6 10. Be3 Bxf3 11. Qxf3 Qb6 12. Nc3 O-O-O 13. Ne2 Rf8 14. Qh3
Bg7 15. c4 Ngf6 16. Nf4 a5 17. Rac1 g5 18. Ne6 Rfg8 19. cxd5 g4 20. Qg3 Nxd5
21. Be4 Nxe3 22. Bxc6 bxc6 23. Rxe3 Bxd4 24. Nxd4 c5 25. Re6 Qb7 26. Rc6+ Kd8
27. Rc7 Qe4 28. Nc6+ Ke8 29. Qc3 Qf4 30. Qe1 Qf6 31. Rd1 1-0

[Event "MCR_SF06"]
[Site "?"]
[Date "2006.??.??"]
[Round "?"]
[White "Storkan, Zdenek"]
[Black "Houdek, Vladimir"]
[Result "1/2-1/2"]
[WhiteElo "2224"]
[BlackElo "2146"]
[PlyCount "39"]
[EventDate "2006.??.??"]
[EventType "corr"]
[EventRounds "2"]
[SourceDate "2006.08.10"]

1. e4 e5 2. Nf3 Nc6 3. Bb5 a6 4. Ba4 Nf6 5. O-O Be7 6. Re1 b5 7. Bb3 O-O 8. c3
d6 9. d4 Bg4 10. d5 Na5 11. Bc2 c6 12. h3 Bc8 13. dxc6 Qc7 14. Nbd2 Qxc6 15.
Nf1 Be6 16. Ng3 Rac8 17. Nf5 Bxf5 18. exf5 Nc4 19. Qe2 Rfe8 20. a4 1/2-1/2

[Event "MCR_SF06"]
[Site "?"]
[Date "2006.??.??"]
[Round "?"]
[White "Slavik, Miroslav"]
[Black "Struzka, Vlastimil"]
[Result "1-0"]
[WhiteElo "2198"]
[BlackElo "2153"]
[PlyCount "95"]
[EventDate "2006.??.??"]
[EventType "corr"]
[EventRounds "2"]
[SourceDate "2006.08.10"]

1. d4 d5 2. Nf3 Nf6 3. e3 Nc6 4. c4 e6 5. Nbd2 Be7 6. a3 O-O 7. Qc2 Na5 8. c5
Bd7 9. Bd3 a6 10. b4 Nc6 11. O-O Na7 12. a4 b5 13. a5 Nc6 14. Rb1 Qc8 15. Ne5
Be8 16. f4 g6 17. Be2 Qb7 18. Rb3 Rc8 19. Bb2 Rd8 20. Bf3 Kg7 21. Qb1 Kh8 22.
Qe1 Qc8 23. Qe2 Kg7 24. Qf2 h6 25. g4 Kh7 26. Re1 Rh8 27. Qg3 Bf8 28. g5 Ng8
29. e4 Nce7 30. Ng4 Bc6 31. Nf6+ Nxf6 32. gxf6 Ng8 33. e5 h5 34. Bxh5 Nh6 35.
Bg4 Kg8 36. Nf3 Be8 37. Ng5 c6 38. Bc1 Rd7 39. Qg2 Rb7 40. Rh3 Ra7 41. f5 exf5
42. Bh5 Qb7 43. e6 gxh5 44. Nxf7+ Ng4 45. Nxh8 Kxh8 46. e7 Bxe7 47. fxe7 Qb8
48. Qd2 1-0

[Event "MCR_SF06"]
[Site "?"]
[Date "2006.??.??"]
[Round "?"]
[White "Brichacek, Milan"]
[Black "Struzka, Vlastimil"]
[Result "0-1"]
[WhiteElo "2117"]
[BlackElo "2153"]
[PlyCount "76"]
[EventDate "2006.??.??"]
[EventType "corr"]
[EventRounds "2"]
[SourceDate "2006.08.10"]

1. e4 e5 2. Nf3 Nf6 3. d4 exd4 4. e5 Ne4 5. Qxd4 d5 6. exd6 Nxd6 7. Bd3 Nc6 8.
Qf4 Be6 9. Nc3 Qf6 10. Qxf6 gxf6 11. Ne4 Be7 12. Nxd6+ Bxd6 13. Be4 O-O-O 14.
O-O Rhg8 15. c3 Bh3 16. Ne1 Ne5 17. Bxh7 Rg7 18. f4 Nc4 19. Bb1 Bc5+ 20. Kh1
Rdg8 21. Be4 Nd6 22. Bf3 Nf5 23. Be4 Ng3+ 24. hxg3 Rh8 25. Rf2 Bf5+ 26. Kg1
Bxe4 27. Kf1 Bd5 28. Nd3 Bb6 29. b3 Rxg3 30. c4 Rxd3 31. cxd5 Rd1+ 32. Ke2 Rhh1
33. Bb2 Rhe1+ 34. Kf3 f5 35. g4 fxg4+ 36. Kxg4 Bxf2 37. Rxd1 Rxd1 38. Kf5 Rxd5+
0-1

[Event "MCR_SF06"]
[Site "?"]
[Date "2006.??.??"]
[Round "?"]
[White "Houdek, Vladimir"]
[Black "Slavik, Miroslav"]
[Result "1/2-1/2"]
[WhiteElo "2146"]
[BlackElo "2198"]
[PlyCount "108"]
[EventDate "2006.??.??"]
[EventType "corr"]
[EventRounds "2"]
[SourceDate "2006.08.10"]

1. e4 c6 2. d4 d5 3. e5 Bf5 4. c3 e6 5. Be3 Nd7 6. Nd2 Qc7 7. g4 Bg6 8. Nh3 f6
9. exf6 gxf6 10. Nf4 Bf7 11. Nd3 Bd6 12. Qe2 O-O-O 13. O-O-O e5 14. Nb3 e4 15.
Ndc5 Ne7 16. h4 h5 17. g5 Nxc5 18. dxc5 Be5 19. gxf6 Bxf6 20. f3 Kb8 21. fxe4
dxe4 22. Bg2 Rxd1+ 23. Rxd1 Nd5 24. Bxe4 Nxe3 25. Qxe3 Bxh4 26. Nd4 Re8 27. Qf3
Bg5+ 28. Kb1 Qf4 29. Qxf4+ Bxf4 30. Bd3 h4 31. Rf1 h3 32. Rxf4 h2 33. Rf1 Bd5
34. b4 b6 35. cxb6 axb6 36. Kc2 b5 37. Bf5 Rg8 38. Be6 Be4+ 39. Kd2 Rg1 40.
Rf8+ Kb7 41. Rh8 h1=Q 42. Rxh1 Rxh1 43. Bb3 Rh2+ 44. Ke3 Bb1 45. a4 Rh3+ 46.
Kd2 bxa4 47. Bxa4 Be4 48. Ne6 Kb6 49. Nc5 Bd5 50. Bc2 Bc4 51. Be4 Rh8 52. Ke3
Rd8 53. Bg6 Kb5 54. Bc2 Rd5 1/2-1/2

[Event "MCR_SF06"]
[Site "?"]
[Date "2006.??.??"]
[Round "?"]
[White "Vinklarek, Vlastimil"]
[Black "Storkan, Zdenek"]
[Result "0-1"]
[WhiteElo "2140"]
[BlackElo "2224"]
[PlyCount "56"]
[EventDate "2006.??.??"]
[EventType "corr"]
[EventRounds "2"]
[SourceDate "2006.08.10"]

1. e4 c6 2. d4 d5 3. e5 Bf5 4. Nf3 e6 5. Bd3 Bxd3 6. Qxd3 Nd7 7. O-O Ne7 8. c3
Nf5 9. Nbd2 g5 10. Rd1 g4 11. Ne1 f6 12. exf6 Qxf6 13. Qe2 h5 14. Nd3 O-O-O 15.
b4 Bd6 16. Bb2 Rhe8 17. Re1 e5 18. dxe5 Bxe5 19. Nxe5 Rxe5 20. Qd1 Rde8 21.
Rxe5 Nxe5 22. c4 d4 23. b5 h4 24. Qa4 g3 25. hxg3 hxg3 26. Qxa7 gxf2+ 27. Kxf2
Ne3+ 28. Nf3 Nd3+ 0-1

[Event "MCR_SF06"]
[Site "?"]
[Date "2006.??.??"]
[Round "?"]
[White "Styblo, Pavel"]
[Black "Chvojka, Jaroslav"]
[Result "0-1"]
[WhiteElo "2305"]
[BlackElo "2261"]
[PlyCount "72"]
[EventDate "2006.??.??"]
[EventType "corr"]
[EventRounds "2"]
[SourceDate "2006.08.10"]

1. c4 e5 2. Nf3 e4 3. Nd4 Nc6 4. Nxc6 dxc6 5. Nc3 Nf6 6. g3 Bf5 7. Bg2 Qd7 8.
h3 h5 9. Qa4 Bc5 10. Qa5 Bd4 11. e3 Bxc3 12. Qxc3 O-O-O 13. b3 Kb8 14. Bb2 Rhe8
15. Rd1 Qe7 16. Qa5 c5 17. Bc3 Nd7 18. O-O Qe6 19. Kh2 g5 20. Rfe1 Qg6 21. a3
b6 22. Qa4 Ne5 23. Bxe5 Rxe5 24. b4 Bc8 25. Rf1 h4 26. g4 f5 27. f3 Bb7 28. f4
gxf4 29. Rxf4 fxg4 30. Rxg4 Qd6 31. Kh1 Bc8 32. bxc5 Rxc5 33. Rf4 Rg8 34. Rg1
Qxd2 35. Rxe4 Bd7 36. Rd4 Rxg2 0-1

[Event "MCR_SF06"]
[Site "?"]
[Date "2006.??.??"]
[Round "?"]
[White "Chvojka, Jaroslav"]
[Black "Brichacek, Milan"]
[Result "1/2-1/2"]
[WhiteElo "2261"]
[BlackElo "2117"]
[PlyCount "117"]
[EventDate "2006.??.??"]
[EventType "corr"]
[EventRounds "2"]
[SourceDate "2006.08.10"]

1. d4 Nf6 2. c4 e6 3. Nf3 b6 4. e3 d5 5. cxd5 exd5 6. Nc3 Bd6 7. Bd3 O-O 8. O-O
Bb7 9. Nh4 Nc6 10. Nf5 Nb4 11. Bb1 c5 12. Qf3 Re8 13. Rd1 a5 14. a3 Na6 15. Bd3
Nc7 16. b3 Ne6 17. Bb2 Ng5 18. Qe2 Bf8 19. dxc5 bxc5 20. h4 Nge4 21. Nxe4 Nxe4
22. Nh6+ gxh6 23. Qg4+ Ng5 24. Bf5 Bg7 25. Bxg7 Kxg7 26. Rac1 Qe7 27. hxg5 hxg5
28. Bd3 h6 29. Qf5 Rh8 30. Bb1 Rac8 31. Qd3 a4 32. b4 c4 33. Qc3+ Qf6 34. Rd4
Rcd8 35. b5 h5 36. Rcd1 h4 37. Bf5 Rhe8 38. Bc2 Ra8 39. Re1 Rh8 40. Bf5 Bc8 41.
Bxc8 Raxc8 42. Rc1 Rc5 43. Qb4 Qb6 44. Qc3 f6 45. e4 Qxb5 46. exd5 Rxd5 47.
Qxc4 Qxc4 48. Rcxc4 Rxd4 49. Rxd4 Ra8 50. f4 Kg6 51. fxg5 fxg5 52. Kh2 Kh5 53.
g3 Rc8 54. g4+ Kg6 55. Rxa4 Rc2+ 56. Kh3 Rc3+ 57. Kh2 Kf6 58. Ra8 Rg3 59. Ra6+
1/2-1/2

[Event "MCR_SF06"]
[Site "?"]
[Date "2006.??.??"]
[Round "?"]
[White "Storkan, Zdenek"]
[Black "Styblo, Pavel"]
[Result "1-0"]
[WhiteElo "2224"]
[BlackElo "2305"]
[PlyCount "47"]
[EventDate "2006.??.??"]
[EventType "corr"]
[EventRounds "2"]
[SourceDate "2006.08.10"]

1. e4 e5 2. Nf3 Nc6 3. Bb5 a6 4. Ba4 Nf6 5. O-O Be7 6. Re1 b5 7. Bb3 O-O 8. c3
d5 9. d4 exd4 10. exd5 Nxd5 11. cxd4 Bg4 12. Nc3 Nf6 13. Be3 Na5 14. Bc2 Nc4
15. Bc1 c5 16. d5 Re8 17. h3 Bh5 18. a4 b4 19. Ne4 Ne5 20. g4 Nxf3+ 21. Qxf3
Bg6 22. Bf4 Qd7 23. d6 Bxe4 24. Bxe4 1-0

[Event "MCR_SF06"]
[Site "?"]
[Date "2006.??.??"]
[Round "?"]
[White "Slavik, Miroslav"]
[Black "Vinklarek, Vlastimil"]
[Result "1-0"]
[WhiteElo "2198"]
[BlackElo "2140"]
[PlyCount "91"]
[EventDate "2006.??.??"]
[EventType "corr"]
[EventRounds "2"]
[SourceDate "2006.08.10"]

1. d4 Nf6 2. c4 e6 3. Nf3 d5 4. e3 Be7 5. Nc3 O-O 6. Qc2 b6 7. cxd5 exd5 8. Be2
Ba6 9. Bxa6 Nxa6 10. O-O c6 11. a3 Bd6 12. Re1 Re8 13. e4 dxe4 14. Nxe4 Nxe4
15. Rxe4 Rxe4 16. Qxe4 Qe8 17. Qc2 c5 18. Be3 cxd4 19. Bxd4 h6 20. Bxg7 Kxg7
21. Qc4 Bxh2+ 22. Kxh2 Qb8+ 23. Kg1 Nc5 24. Re1 Qd6 25. b4 Ne6 26. Qg4+ Kf6 27.
Ne5 Rf8 28. Re3 a5 29. Rf3+ Ke7 30. Qe4 axb4 31. Qb7+ Nc7 32. Rd3 Qxe5 33. Re3
Qxe3 34. Qxc7+ Kf6 35. fxe3 bxa3 36. Qxb6+ Kg7 37. Qd4+ f6 38. Qa7+ Kg6 39.
Qxa3 Re8 40. Qd3+ f5 41. g4 Rf8 42. Qd6+ Rf6 43. gxf5+ Kxf5 44. e4+ Kg6 45. Qd5
Rf4 46. e5 1-0

[Event "MCR_SF06"]
[Site "?"]
[Date "2006.??.??"]
[Round "?"]
[White "Struzka, Vlastimil"]
[Black "Houdek, Vladimir"]
[Result "1-0"]
[WhiteElo "2153"]
[BlackElo "2146"]
[PlyCount "47"]
[EventDate "2006.??.??"]
[EventType "corr"]
[EventRounds "2"]
[SourceDate "2006.08.10"]

1. d4 d5 2. e3 Nf6 3. Nf3 e6 4. Bd3 c5 5. O-O Nc6 6. b3 Bd6 7. dxc5 Bxc5 8. Bb2
O-O 9. Nbd2 Bd7 10. a3 Be7 11. c4 a6 12. Rc1 Rc8 13. b4 h6 14. Bb1 Qb6 15. e4
dxe4 16. Nxe4 Nxe4 17. Bxe4 Rfd8 18. c5 Qc7 19. Bb1 f5 20. Qb3 Rf8 21. Rcd1
Rcd8 22. Rfe1 Bc8 23. Rxe6 Rxd1+ 24. Re1+ 1-0

[Event "MCR_SF06"]
[Site "?"]
[Date "2006.??.??"]
[Round "?"]
[White "Brichacek, Milan"]
[Black "Houdek, Vladimir"]
[Result "1/2-1/2"]
[WhiteElo "2117"]
[BlackElo "2146"]
[PlyCount "101"]
[EventDate "2006.??.??"]
[EventType "corr"]
[EventRounds "2"]
[SourceDate "2006.08.10"]

1. e4 e5 2. Nf3 Nc6 3. Bb5 a6 4. Ba4 Nf6 5. O-O Be7 6. Re1 b5 7. Bb3 d6 8. c3
O-O 9. h3 Na5 10. Bc2 c5 11. d4 Qc7 12. Nbd2 cxd4 13. cxd4 Nc6 14. Nb3 a5 15.
Be3 a4 16. Nbd2 Bd7 17. Rc1 Qb7 18. Qe2 Rfe8 19. Bd3 Rab8 20. a3 exd4 21. Nxd4
Ne5 22. Bb1 Bd8 23. N4f3 Ba5 24. Nxe5 dxe5 25. Red1 Be6 26. Bd3 Nd7 27. Rc2
Bxd2 28. Rdxd2 b4 29. axb4 Bb3 30. Rc3 Qxb4 31. Bc4 Nf6 32. Bg5 Qb6 33. Bxb3
axb3 34. Qf3 h6 35. Bxf6 Qxf6 36. Qxf6 gxf6 37. Rdd3 Rb4 38. f3 Reb8 39. Kf2
Kg7 40. Ke3 h5 41. g3 R4b7 42. h4 Kh7 43. Rc6 Kg7 44. Rdd6 Ra8 45. Rxf6 Ra2 46.
Rf5 Rxb2 47. Rg5+ Kh7 48. Rxh5+ Kg7 49. Rg5+ Kh7 50. Rh5+ Kg7 51. Rg5+ 1/2-1/2

[Event "MCR_SF06"]
[Site "?"]
[Date "2006.??.??"]
[Round "?"]
[White "Vinklarek, Vlastimil"]
[Black "Struzka, Vlastimil"]
[Result "0-1"]
[WhiteElo "2140"]
[BlackElo "2153"]
[PlyCount "58"]
[EventDate "2006.??.??"]
[EventType "corr"]
[EventRounds "2"]
[SourceDate "2006.08.10"]

1. e4 c5 2. Nc3 Nc6 3. g3 Nf6 4. Bg2 e6 5. d3 Be7 6. f4 e5 7. Nge2 d6 8. O-O
Nd4 9. Be3 h5 10. Bf2 h4 11. Qd2 Qb6 12. Rab1 Bg4 13. fxe5 dxe5 14. gxh4 Bh3
15. a4 Bxg2 16. Kxg2 O-O-O 17. b4 Ng4 18. Nd5 Rxd5 19. exd5 Qg6 20. Ng3 Bxh4
21. Rh1 Bg5 22. Qc3 Nxf2 23. Kxf2 Qf6+ 24. Ke1 Bf4 25. Ne2 Be3 26. Rf1 Qh4+ 27.
Kd1 Nxe2 28. Qe1 Nc3+ 29. Qxc3 Qg4+ 0-1

[Event "MCR_SF06"]
[Site "?"]
[Date "2006.??.??"]
[Round "?"]
[White "Styblo, Pavel"]
[Black "Slavik, Miroslav"]
[Result "0-1"]
[WhiteElo "2305"]
[BlackElo "2198"]
[PlyCount "66"]
[EventDate "2006.??.??"]
[EventType "corr"]
[EventRounds "2"]
[SourceDate "2006.08.10"]

1. c4 e5 2. Nf3 e4 3. Nd4 Nc6 4. Nc2 d5 5. cxd5 Qxd5 6. Nc3 Qe5 7. d4 exd3 8.
Qxd3 Nf6 9. e4 Bb4 10. Nxb4 Nxb4 11. Qb5+ Qxb5 12. Bxb5+ c6 13. Ba4 Be6 14. O-O
O-O-O 15. a3 Nd3 16. Bc2 Nxc1 17. Raxc1 Nd7 18. Rfd1 g5 19. Nd5 Kb8 20. Ne3 Ne5
21. Kf1 h5 22. b4 h4 23. Rxd8+ Rxd8 24. Rd1 Rf8 25. Bd3 h3 26. g3 g4 27. Be2
Kc7 28. Ke1 Ra8 29. Rb1 b5 30. a4 a5 31. axb5 cxb5 32. Rc1+ Kb6 33. Nd5+ Bxd5
0-1

[Event "MCR_SF06"]
[Site "?"]
[Date "2006.??.??"]
[Round "?"]
[White "Chvojka, Jaroslav"]
[Black "Storkan, Zdenek"]
[Result "0-1"]
[WhiteElo "2261"]
[BlackElo "2224"]
[PlyCount "80"]
[EventDate "2006.??.??"]
[EventType "corr"]
[EventRounds "2"]
[SourceDate "2006.08.10"]

1. d4 Nf6 2. c4 g6 3. Nc3 d5 4. Bf4 Bg7 5. e3 c5 6. dxc5 Qa5 7. Qb3 Bd7 8.
O-O-O Na6 9. Qxb7 O-O 10. c6 Rfb8 11. Bxb8 Rxb8 12. Qxb8+ Nxb8 13. cxd7 Nbxd7
14. Nf3 Nc5 15. Ne5 Nce4 16. Nxe4 Nxe4 17. Rxd5 Qe1+ 18. Rd1 Qxf2 19. Rd8+ Bf8
20. Nf3 Qxe3+ 21. Kc2 Nf2 22. Rg1 e5 23. Bd3 e4 24. Re1 exd3+ 25. Kb1 Qb6 26.
Ree8 Kg7 27. Rxf8 Nd1 28. Rb8 Nc3+ 29. Ka1 d2 30. Rg8+ Kh6 31. Rgd8 Qxb8 32.
Rxd2 Ne4 33. Rc2 Qd6 34. b3 g5 35. h3 f5 36. Kb1 g4 37. Nh4 Kg5 38. hxg4 Kxh4
39. gxf5 Kg5 40. g3 Kxf5 0-1

[Event "MCR_SF06"]
[Site "?"]
[Date "2006.??.??"]
[Round "?"]
[White "Storkan, Zdenek"]
[Black "Brichacek, Milan"]
[Result "1-0"]
[WhiteElo "2224"]
[BlackElo "2117"]
[PlyCount "111"]
[EventDate "2006.??.??"]
[EventType "corr"]
[EventRounds "2"]
[SourceDate "2006.08.10"]

1. e4 e6 2. d4 d5 3. Nc3 Bb4 4. e5 c5 5. a3 Bxc3+ 6. bxc3 Ne7 7. Qg4 Qc7 8.
Qxg7 Rg8 9. Qxh7 cxd4 10. Ne2 Nbc6 11. f4 Bd7 12. Qd3 dxc3 13. Qxc3 Nf5 14. Rb1
O-O-O 15. Rg1 d4 16. Qd3 f6 17. exf6 e5 18. g4 Nh4 19. f7 Rxg4 20. Rxg4 Bxg4
21. Bh3 Qd7 22. Bxg4 Qxg4 23. Qg3 Qh5 24. Rb3 Rf8 25. fxe5 Nf5 26. Qg8 Qxf7 27.
Qxf7 Rxf7 28. e6 Rf6 29. Rf3 d3 30. cxd3 Ne5 31. Rf1 Nxd3+ 32. Kd2 Nxc1 33. Nd4
Nd6 34. Rxf6 Ne4+ 35. Kxc1 Nxf6 36. Kd2 Kc7 37. Ke3 Ng4+ 38. Kf4 Nxh2 39. Nb5+
Kd8 40. Nxa7 Nf1 41. a4 Nd2 42. Ke5 Nc4+ 43. Kf6 Nd6 44. Nb5 Nc8 45. Kf7 b6 46.
Na3 Nd6+ 47. Kf8 Nc8 48. Nc4 Kc7 49. Ke8 Na7 50. Nxb6 Nc6 51. Nc4 Nd8 52. e7
Nc6 53. Kf7 Nxe7 54. Kxe7 Kc6 55. Kd8 Kc5 56. Kc7 1-0

[Event "MCR_SF06"]
[Site "?"]
[Date "2006.??.??"]
[Round "?"]
[White "Slavik, Miroslav"]
[Black "Chvojka, Jaroslav"]
[Result "1-0"]
[WhiteElo "2198"]
[BlackElo "2261"]
[PlyCount "65"]
[EventDate "2006.??.??"]
[EventType "corr"]
[EventRounds "2"]
[SourceDate "2006.08.10"]

1. e4 e5 2. Nf3 Nc6 3. Bc4 Nf6 4. Ng5 d5 5. exd5 Nxd5 6. d4 Bb4+ 7. c3 Be7 8.
Nxf7 Kxf7 9. Qf3+ Ke6 10. O-O Na5 11. Bd3 e4 12. Re1 Nf6 13. Nd2 Kf7 14. Nxe4
Bg4 15. Qg3 Bd6 16. Bf4 h5 17. h3 h4 18. Qe3 Bxf4 19. Qxf4 Bh5 20. b4 Kg8 21.
Ng5 Nd5 22. Qe5 Rh6 23. bxa5 Qd6 24. Bc4 c6 25. Rab1 Rb8 26. Qxd6 Rxd6 27. Re7
b5 28. Rxa7 Re8 29. Bb3 Bg6 30. Rb2 Kf8 31. a6 Rdd8 32. a4 Nxc3 33. Ne6+ 1-0

[Event "MCR_SF06"]
[Site "?"]
[Date "2006.??.??"]
[Round "?"]
[White "Struzka, Vlastimil"]
[Black "Styblo, Pavel"]
[Result "1/2-1/2"]
[WhiteElo "2153"]
[BlackElo "2305"]
[PlyCount "97"]
[EventDate "2006.??.??"]
[EventType "corr"]
[EventRounds "2"]
[SourceDate "2006.08.10"]

1. d4 Nf6 2. Nf3 g6 3. c4 Bg7 4. Nc3 d5 5. cxd5 Nxd5 6. e4 Nxc3 7. bxc3 c5 8.
Bb5+ Nc6 9. O-O cxd4 10. cxd4 O-O 11. Bxc6 bxc6 12. Ba3 Bg4 13. Bc5 Re8 14. Rc1
Qa5 15. Qb3 Bxf3 16. Qxf3 Qxa2 17. Ra1 Qe6 18. Ra5 a6 19. Rfa1 Reb8 20. h3 Rb3
21. Qg4 Qxg4 22. hxg4 e5 23. Rxa6 Rxa6 24. Rxa6 h6 25. dxe5 Rb1+ 26. Kh2 Bxe5+
27. g3 Rc1 28. Be3 Rc2 29. Ra5 Bg7 30. Kg2 Kf8 31. Rc5 Rxc5 32. Bxc5+ Ke8 33.
Kf3 Kd7 34. Ke3 Ke6 35. f4 f5 36. gxf5+ gxf5 37. g4 fxg4 38. f5+ Kf7 39. Kf4 h5
40. e5 Bh6+ 41. Kg3 Bg5 42. Bd4 Ke8 43. Bf2 Kd7 44. Bc5 Ke8 45. Ba7 Be7 46. f6
Bd8 47. Kf4 Kf7 48. Kf5 Bxf6 49. exf6 1/2-1/2

[Event "MCR_SF06"]
[Site "?"]
[Date "2006.??.??"]
[Round "?"]
[White "Houdek, Vladimir"]
[Black "Vinklarek, Vlastimil"]
[Result "1/2-1/2"]
[WhiteElo "2146"]
[BlackElo "2140"]
[PlyCount "81"]
[EventDate "2006.??.??"]
[EventType "corr"]
[EventRounds "2"]
[SourceDate "2006.08.10"]

1. e4 g6 2. d4 Bg7 3. Nc3 c5 4. Nf3 cxd4 5. Nxd4 d6 6. Be3 Nf6 7. f3 a6 8. Qd2
O-O 9. g4 b5 10. a3 Bd7 11. O-O-O Nc6 12. h4 h5 13. Nxc6 Bxc6 14. gxh5 Nxh5 15.
Bd4 Qc7 16. Bxg7 Kxg7 17. Be2 Rh8 18. f4 Qb6 19. Nd5 Bxd5 20. exd5 Rab8 21. f5
b4 22. axb4 Qxb4 23. Qxb4 Rxb4 24. fxg6 Nf4 25. Bxa6 Nxg6 26. h5 Nf4 27. c3 Ra4
28. Bb5 Ra1+ 29. Kc2 Rxd1 30. Kxd1 Nxd5 31. Bc6 Nf4 32. Kd2 Nxh5 33. b4 Rc8 34.
b5 Nf4 35. Rb1 e5 36. b6 Rb8 37. b7 Ne6 38. Bd5 Nf4 39. Bc6 Ne6 40. Rb6 Kf6 41.
Ra6 1/2-1/2

[Event "MCR_SF06"]
[Site "?"]
[Date "2006.??.??"]
[Round "?"]
[White "Brichacek, Milan"]
[Black "Vinklarek, Vlastimil"]
[Result "1-0"]
[WhiteElo "2117"]
[BlackElo "2140"]
[PlyCount "137"]
[EventDate "2006.??.??"]
[EventType "corr"]
[EventRounds "2"]
[SourceDate "2006.08.10"]

1. e4 c6 2. d4 d5 3. exd5 cxd5 4. c4 Nf6 5. Nc3 e6 6. Nf3 Bb4 7. cxd5 Nxd5 8.
Bd2 Nc6 9. Bd3 O-O 10. O-O Be7 11. a3 Nf6 12. Be3 b6 13. Ne5 Bb7 14. Be2 a6 15.
Bf3 Nd5 16. Nxd5 exd5 17. Rc1 Na7 18. Re1 Rc8 19. Qb3 Re8 20. a4 Bf6 21. Bf4
Rxc1 22. Rxc1 Re6 23. h3 Re7 24. Bh5 g6 25. Bf3 Bg7 26. Kh1 a5 27. Ng4 h5 28.
Ne5 Bf6 29. Kg1 Ba8 30. Qd3 Kg7 31. Qa6 Bh4 32. Be2 Bf6 33. b3 Bh4 34. Rc3 Kg8
35. Bb5 Kh7 36. Bd3 Bf6 37. Rc1 Kg7 38. Bf1 Bh4 39. Rc3 Bf6 40. Be2 Bh4 41. Bd3
Bf6 42. Bf1 Bh4 43. Rc2 Bf6 44. Be2 Bh4 45. Bd3 Bf6 46. Rc1 Kh7 47. Bb1 Kg7 48.
Kh1 Kh7 49. Qd3 Qe8 50. Qe2 Kg7 51. Qa6 Qd8 52. Kh2 Kh7 53. Qd3 Qe8 54. Qe2 Kg8
55. Qa6 Qd8 56. Rc3 Kg7 57. Rg3 Nc6 58. Bxg6 Nxe5 59. dxe5 Bh4 60. Bxh5+ Bxg3+
61. fxg3 Re6 62. Qf1 Qh8 63. Bg4 Rg6 64. Bf5 Qe8 65. Bxg6 fxg6 66. Qe2 Qe6 67.
Be3 d4 68. Bxd4 Bd5 69. Qe3 1-0

[Event "MCR_SF06"]
[Site "?"]
[Date "2006.??.??"]
[Round "?"]
[White "Styblo, Pavel"]
[Black "Houdek, Vladimir"]
[Result "1-0"]
[WhiteElo "2305"]
[BlackElo "2146"]
[PlyCount "79"]
[EventDate "2006.??.??"]
[EventType "corr"]
[EventRounds "2"]
[SourceDate "2006.08.10"]

1. c4 e5 2. Nf3 e4 3. Ng1 Nf6 4. Nc3 c6 5. d4 d5 6. cxd5 cxd5 7. Bg5 Bb4 8. Rc1
O-O 9. Qb3 Nc6 10. e3 a5 11. Bxf6 gxf6 12. Bb5 a4 13. Bxa4 Qa5 14. Bxc6 bxc6
15. a3 Be7 16. Nge2 Ba6 17. Qc2 Rfb8 18. f3 Bd3 19. Qd2 Qb6 20. Nd1 f5 21. O-O
Bc4 22. fxe4 fxe4 23. Rf5 Rf8 24. Ng3 Qb3 25. Rh5 Kh8 26. Nf5 Ra7 27. Nxe7 Rxe7
28. Qf2 f6 29. Rf5 Ref7 30. Nc3 Ba6 31. Rd1 Bc8 32. Rf4 Rg7 33. Rd2 Rg6 34. Qf1
Kg7 35. Rh4 Rf7 36. Qf4 Qc4 37. Qb8 Bg4 38. h3 Bd7 39. Ne2 Rg5 40. Kh2 1-0

[Event "MCR_SF06"]
[Site "?"]
[Date "2006.??.??"]
[Round "?"]
[White "Chvojka, Jaroslav"]
[Black "Struzka, Vlastimil"]
[Result "0-1"]
[WhiteElo "2261"]
[BlackElo "2153"]
[PlyCount "64"]
[EventDate "2006.??.??"]
[EventType "corr"]
[EventRounds "2"]
[SourceDate "2006.08.10"]

1. d4 d5 2. Bf4 e6 3. e3 Nf6 4. Bd3 Bd6 5. Bg3 O-O 6. c3 c5 7. Nd2 Qc7 8. Ngf3
Nbd7 9. Qc2 Re8 10. O-O-O c4 11. Be2 b5 12. e4 dxe4 13. Nxe4 Bf4+ 14. Kb1 Bb7
15. Ned2 Rab8 16. Rc1 Bd5 17. Rhe1 Rec8 18. Bxf4 Qxf4 19. g3 Qc7 20. Ne5 Nxe5
21. dxe5 Nd7 22. f4 Nc5 23. Ka1 a5 24. h4 Qa7 25. h5 b4 26. Bxc4 a4 27. cxb4
Nb3+ 28. Bxb3 Rxc2 29. Bxc2 a3 30. Nb3 Ra8 31. Rb1 Qf2 32. Rec1 Qxg3 0-1

[Event "MCR_SF06"]
[Site "?"]
[Date "2006.??.??"]
[Round "?"]
[White "Storkan, Zdenek"]
[Black "Slavik, Miroslav"]
[Result "1-0"]
[WhiteElo "2224"]
[BlackElo "2198"]
[PlyCount "75"]
[EventDate "2006.??.??"]
[EventType "corr"]
[EventRounds "2"]
[SourceDate "2006.08.10"]

1. e4 c6 2. d4 d5 3. Nc3 dxe4 4. Nxe4 Nd7 5. Nf3 Ngf6 6. Ng3 h5 7. Bg5 Qb6 8.
Bd3 c5 9. Qe2 cxd4 10. O-O-O e6 11. Bc4 Bc5 12. Ne4 Nxe4 13. Qxe4 Nf6 14. Qh4
Ng8 15. Nxd4 Bd7 16. Rd3 Ne7 17. Rhd1 Bxd4 18. Qxd4 Qxd4 19. Rxd4 Bc6 20. Rd6
Rc8 21. f4 g6 22. Bf6 Rg8 23. g3 a6 24. R1d2 Bd5 25. b3 Rc6 26. Rxc6 Bxc6 27.
Rd6 Bd7 28. b4 Nc8 29. Rd2 Ne7 30. Bb3 Nc6 31. a3 Ne7 32. c4 Bc6 33. Kc2 Rf8
34. Kc3 Bd7 35. Kd4 Rg8 36. Ke5 Nc8 37. Bd1 b5 38. c5 1-0

[Event "MCR_SF06"]
[Site "?"]
[Date "2006.??.??"]
[Round "?"]
[White "Slavik, Miroslav"]
[Black "Brichacek, Milan"]
[Result "1/2-1/2"]
[WhiteElo "2198"]
[BlackElo "2117"]
[PlyCount "107"]
[EventDate "2006.??.??"]
[EventType "corr"]
[EventRounds "2"]
[SourceDate "2006.08.10"]

1. d4 d5 2. Nf3 Nf6 3. e3 g6 4. c4 Bg7 5. Nc3 O-O 6. cxd5 Nxd5 7. Bd2 c5 8.
dxc5 Nxc3 9. Bxc3 Bxc3+ 10. bxc3 Qa5 11. Qb3 Qxc5 12. Qb4 Qc7 13. Be2 Nd7 14.
O-O Nf6 15. Nd4 a6 16. c4 e5 17. Nb3 Bf5 18. c5 Rfc8 19. Rac1 a5 20. Qh4 Nd5
21. g4 Be6 22. Nd2 f5 23. a3 Qg7 24. Nf3 fxg4 25. Ng5 Qe7 26. Bxg4 Bxg4 27.
Qxg4 Rc6 28. Rfd1 Nf6 29. Qc4+ Kg7 30. Rd6 Ne8 31. Ne6+ Kh8 32. Rxc6 bxc6 33.
Rd1 Rb8 34. f4 Qh4 35. Qe2 Qe7 36. Qc4 Nf6 37. Rd6 Ng4 38. Qd3 Nxh2 39. Rd8+
Rxd8 40. Qxd8+ Qxd8 41. Nxd8 Nf3+ 42. Kf2 Nd2 43. Nxc6 exf4 44. Nxa5 Ne4+ 45.
Kf3 Nxc5 46. Kxf4 Kg7 47. Nc4 Kf6 48. Kg4 Na4 49. Kh4 Kf5 50. Nd6+ Ke5 51. Nf7+
Ke4 52. Ng5+ Kxe3 53. Nxh7 Kd3 54. Kg5 1/2-1/2